[Event "ESP-chT CECLUB Div2"]
[Site "Linares"]
[Date "2023.08.15"]
[Round "3.10"]
[White "Perera Borrego, Mariela"]
[Black "Donate Moreno, Silvia"]
[Result "0-1"]
[WhiteElo "2172"]
[BlackElo "1962"]
[PlyCount "110"]
[EventDate "2023.08.13"]
[EventType "team-swiss"]
[EventRounds "7"]
[EventCountry "ESP"]
[SourceTitle "EXT 2024"]
[Source "ChessBase"]
[SourceDate "2023.10.10"]
[SourceVersion "1"]
[SourceVersionDate "2023.10.10"]
[SourceQuality "1"]
[WhiteTeam "Granada Aimpulsa"]
[BlackTeam "Silla Integrant II"]
[WhiteTeamCountry "ESP"]
[BlackTeamCountry "ESP"]

1. d4 Nf6 2. c4 e6 3. Nc3 Bb4 4. Qc2 0-0 5. Bg5 d5 6. e3 h6 7. Bh4 c5 8. dxc5 Nbd7 9. cxd5 exd5 10. Bd3 Nxc5 11. Nge2 g5 12. Bg3 Nfe4 13. 0-0 Bf5 14. Bxe4 Nxe4 15. Nxe4 dxe4 16. Rfd1 Qe7 17. a3 Rfc8 18. Qa4 Bc5 19. b4 Bb6 20. Bd6 Qf6 21. Ra2 Bg4 22. h3 Be6 23. Rad2 Bc4 24. Nc1 Qf5 25. Bg3 Be6 26. Ne2 Bc4 27. Nd4 Qf6 28. Qd7 Rd8 29. Qxb7 Bd5 30. Qa6 Rac8 31. Qe2 Bc4 32. Qg4 Bd3 33. h4 Rc3 34. hxg5 hxg5 35. Bh4 Rd5 36. Nb5 Rxb5 37. a4 Qf5 38. Qxf5 Rxf5 39. Bg3 a5 40. Bd6 axb4 41. Bxb4 Rc4 42. Rb2 Ba5 43. Be7 Rxa4 44. Rb8+ Kg7 45. g4 Re5 46. Bf8+ Kg6 47. f4 gxf4 48. exf4 Rd5 49. Be7 Bc3 50. f5+ Kg7 51. Bf8+ Kf6 52. Bh6 Bd4+ 53. Kg2 Ra2+ 54. Kg3 Be5+ 55. Bf4 Bxb8 0-1

[Event "ESP-chT CECLUB Div2"]
[Site "Linares"]
[Date "2023.08.14"]
[Round "2.10"]
[White "Aguirre Mediavilla, Laura"]
[Black "Perera Borrego, Mariela"]
[Result "0-1"]
[WhiteElo "1529"]
[BlackElo "2172"]
[PlyCount "190"]
[EventDate "2023.08.13"]
[EventType "team-swiss"]
[EventRounds "7"]
[EventCountry "ESP"]
[SourceTitle "EXT 2024"]
[Source "ChessBase"]
[SourceDate "2023.10.10"]
[SourceVersion "1"]
[SourceVersionDate "2023.10.10"]
[SourceQuality "1"]
[WhiteTeam "Solvay II"]
[BlackTeam "Granada Aimpulsa"]
[WhiteTeamCountry "ESP"]
[BlackTeamCountry "ESP"]

1. e4 e6 2. d4 d5 3. Nc3 Nf6 4. Bg5 Be7 5. e5 Nfd7 6. Bxe7 Qxe7 7. Nb5 Nb6 8. c3 a6 9. Na3 c5 10. f4 Nc6 11. Nf3 f6 12. Qd2 fxe5 13. fxe5 0-0 14. Be2 cxd4 15. cxd4 Qb4 16. Qxb4 Nxb4 17. Kd2 Bd7 18. Rhc1 Rac8 19. b3 h6 20. Nc2 Nc6 21. Rf1 Be8 22. Bd3 Bh5 23. h3 Ne7 24. Ne3 Rf4 25. g4 Bg6 26. Ng2 Rf7 27. Nfh4 Rxf1 28. Rxf1 Bxd3 29. Kxd3 a5 30. Ne3 Nd7 31. Nc2 g5 32. Ng2 Nc6 33. Rf2 b5 34. Nge1 Kg7 35. Nf3 Rf8 36. Ke3 a4 37. Nd2 Rc8 38. Nb1 axb3 39. axb3 Na5 40. Nca3 Rc1 41. Rc2 Rxc2 42. Nxc2 Nxb3 43. Nc3 b4 44. Nxb4 Nb6 45. Ne2 Na5 46. Nc2 Nac4+ 47. Kd3 Nd7 48. Ne3 Ncb6 49. Ng3 Kf7 50. Nh5 Nc8 51. Ng2 Ne7 52. Ke3 Nb6 53. Kd3 Nc6 54. Ne3 Na8 55. Ng3 Nc7 56. Nc2 Nb5 57. Ne2 Kg6 58. Ng3 Na5 59. Ne2 h5 60. Nb4 Nc4 61. Nc2 hxg4 62. hxg4 Nb6 63. Ne3 Nd7 64. Nc2 Nf8 65. Ng3 Kf7 66. Nf1 Ng6 67. Nh2 Nf4+ 68. Ke3 Kg6 69. Nf3 Nc3 70. Kd2 Ne4+ 71. Ke3 Ng2+ 72. Ke2 Nf4+ 73. Ke3 Nh3 74. Nh2 Nhf2 75. Kf3 Kf7 76. Nb4 Ke7 77. Ke3 Kd7 78. Nd3 Nd1+ 79. Ke2 Ndc3+ 80. Ke3 Kc6 81. Nb2 Kb5 82. Kd3 Kb4 83. Kc2 Nb5 84. Kd3 Nbc3 85. Kc2 Ne2 86. Kd3 Nf4+ 87. Kc2 Ng2 88. Nf3 Ne3+ 89. Kd3 Nxg4 90. Nd1 Kb3 91. Ne3 Nxe3 92. Kxe3 g4 93. Nh4 Kc3 94. Ng2 Ng3 95. Nf4 Nf5+ 0-1

[Event "Conil op 1st"]
[Site "Conil de la Frontera"]
[Date "2021.07.17"]
[Round "5"]
[White "Perera Borrego, Mariela"]
[Black "Cuellar Montes, Alejandro"]
[Result "1/2-1/2"]
[WhiteElo "2142"]
[BlackElo "2087"]
[PlyCount "61"]
[EventDate "2021.07.15"]
[EventType "swiss"]
[EventRounds "7"]
[EventCountry "ESP"]
[SourceTitle "CBM 203 Extra"]
[Source "ChessBase"]
[SourceDate "2021.09.30"]
[SourceVersion "1"]
[SourceVersionDate "2021.09.30"]
[SourceQuality "1"]

1. Nf3 d5 2. g3 Nf6 3. Bg2 Bf5 4. 0-0 e6 5. d3 h6 6. c4 c6 7. cxd5 exd5 8. Nc3 Be7 9. e4 dxe4 10. dxe4 Qxd1 11. Rxd1 Bh7 12. Nd4 0-0 13. h3 Nbd7 14. Nf5 Bxf5 15. exf5 Nb6 16. Bf4 Rad8 17. Re1 Bd6 18. Be3 Nc4 19. Bxa7 Nxb2 20. Bb6 Rd7 21. Ne4 Nxe4 22. Rxe4 Re7 23. Rxe7 Bxe7 24. Bd4 Na4 25. Rb1 Bc5 26. Be3 Bxe3 27. fxe3 Nc5 28. Rc1 Nd7 29. Rb1 Nc5 30. Rc1 Nd7 31. Rb1 1/2-1/2

[Event "ESP-chT CECLUB Div1"]
[Site "Linares"]
[Date "2020.10.05"]
[Round "3.6"]
[White "Perera Borrego, Mariela"]
[Black "Sanjuan Morigosa, Isaura"]
[Result "1-0"]
[WhiteElo "2221"]
[BlackElo "1766"]
[PlyCount "51"]
[EventDate "2020.10.03"]
[EventType "team-tourn"]
[EventRounds "7"]
[EventCountry "ESP"]
[SourceTitle "CBM 198 Extra"]
[Source "ChessBase"]
[SourceDate "2020.11.30"]
[SourceVersion "1"]
[SourceVersionDate "2020.11.30"]
[SourceQuality "1"]
[WhiteTeam "Oromana Schneider Electric"]
[BlackTeam "Santa Lucia Grandama"]
[WhiteTeamCountry "ESP"]
[BlackTeamCountry "ESP"]

1. d4 g6 2. Nf3 Bg7 3. g3 Nf6 4. Bg2 0-0 5. 0-0 d6 6. c4 c6 7. Nc3 Qc7 8. e4 a5 9. h3 e5 10. Be3 Na6 11. Qd2 Re8 12. Rfe1 Nh5 13. Bh6 Bh8 14. Rad1 f5 15. exf5 gxf5 16. Qg5+ Ng7 17. dxe5 dxe5 18. Nxe5 Nc5 19. Ng4 Rxe1+ 20. Rxe1 Nce6 21. Nf6+ Kf7 22. Qh4 Kg6 23. g4 Nc5 24. Qg5+ Kf7 25. Bxg7 Bxg7 26. Qxg7+ 1-0

[Event "ESP-ch 84th"]
[Site "Marbella"]
[Date "2019.11.21"]
[Round "6"]
[White "Diaz Mino, Daniel"]
[Black "Perera Borrego, Mariela"]
[Result "0-1"]
[WhiteElo "1953"]
[BlackElo "2201"]
[PlyCount "135"]
[EventDate "2019.11.16"]
[EventType "swiss"]
[EventRounds "9"]
[EventCountry "ESP"]
[SourceTitle "CBM 193 Extra"]
[Source "ChessBase"]
[SourceDate "2020.01.31"]
[SourceVersion "1"]
[SourceVersionDate "2020.01.31"]
[SourceQuality "1"]

1. e4 e6 2. Qe2 Nc6 3. Nf3 e5 4. c3 Be7 5. d4 exd4 6. cxd4 d5 7. e5 Bg4 8. Be3 Bb4+ 9. Nc3 Nge7 10. h3 Bd7 11. a3 Bxc3+ 12. bxc3 Na5 13. Qa2 h6 14. Be2 Qc8 15. Rb1 b6 16. Rc1 Be6 17. Bd3 c6 18. Qe2 Qc7 19. 0-0 g5 20. Nh2 0-0-0 21. Qh5 Nf5 22. Qe2 Qe7 23. Ng4 Nxe3 24. Nxe3 h5 25. Bf5 Rdg8 26. Qa6+ Qb7 27. Qxb7+ Kxb7 28. f4 Bxf5 29. Nxf5 Nc4 30. fxg5 Rxg5 31. Ne7 Rh7 32. Rf3 Kc7 33. Rc2 Kd7 34. Nf5 a5 35. a4 Rg6 36. Rcf2 h4 37. Ne3 Nxe3 38. Rxe3 Rhg7 39. Ref3 Ke7 40. Kh2 c5 41. Rf6 c4 42. Rb2 Rxf6 43. exf6+ Kxf6 44. Rxb6+ Kf5 45. Rb5 Ke4 46. Rxa5 f5 47. Rc5 Rd7 48. a5 Kd3 49. a6 Kxc3 50. a7 Rxa7 51. Rxd5 Kd2 52. Rxf5 c3 53. Rf2+ Ke3 54. Rf8 c2 55. Rc8 Kd2 56. g3 c1Q 57. Rxc1 Kxc1 58. gxh4 Kd2 59. Kg3 Ke3 60. Kg4 Kxd4 61. Kg5 Ke5 62. Kg6 Ra6+ 63. Kg5 Ra3 64. h5 Rg3+ 65. Kh6 Kf6 66. h4 Rg4 67. Kh7 Rxh4 68. h6 0-1

[Event "ESP-ch 84th"]
[Site "Marbella"]
[Date "2019.11.18"]
[Round "3"]
[White "Perera Borrego, Mariela"]
[Black "Juan Mas, Santiago"]
[Result "1-0"]
[WhiteElo "2201"]
[BlackElo "1930"]
[PlyCount "47"]
[EventDate "2019.11.16"]
[EventType "swiss"]
[EventRounds "9"]
[EventCountry "ESP"]
[SourceTitle "CBM 193 Extra"]
[Source "ChessBase"]
[SourceDate "2020.01.31"]
[SourceVersion "1"]
[SourceVersionDate "2020.01.31"]
[SourceQuality "1"]

1. Nf3 Nc6 2. d4 d5 3. Bf4 Bg4 4. e3 e6 5. h3 Bxf3 6. Qxf3 Bd6 7. Bxd6 Qxd6 8. a3 Nf6 9. Nc3 a6 10. Rd1 e5 11. dxe5 Nxe5 12. Qg3 0-0 13. Be2 Rfe8 14. 0-0 Qb6 15. Nxd5 Nxd5 16. Rxd5 Qxb2 17. f4 Qxc2 18. Bh5 Ng6 19. f5 Ne7 20. f6 Ng6 21. fxg7 Re7 22. Rdf5 Rd8 23. Bxg6 hxg6 24. Qh4 1-0

[Event "ESP-chT CECLUB Div2"]
[Site "Linares"]
[Date "2019.08.22"]
[Round "5.2"]
[White "Fernandez Diaz, Cristian"]
[Black "Perera Borrego, Mariela"]
[Result "1/2-1/2"]
[WhiteElo "2303"]
[BlackElo "2186"]
[PlyCount "70"]
[EventDate "2019.08.19"]
[EventType "team-swiss"]
[EventRounds "7"]
[EventCountry "ESP"]
[SourceTitle "EXT 2020"]
[Source "ChessBase"]
[SourceDate "2019.10.17"]
[SourceVersion "1"]
[SourceVersionDate "2019.10.17"]
[SourceQuality "1"]
[WhiteTeam "Mollet"]
[BlackTeam "Coin CC"]
[WhiteTeamCountry "ESP"]
[BlackTeamCountry "ESP"]

1. d4 Nf6 2. c4 e6 3. Nc3 Bb4 4. Qc2 0-0 5. Nf3 d6 6. Bd2 c5 7. a3 Ba5 8. e3 Nc6 9. Bd3 h6 10. 0-0 Re8 11. Rad1 Qe7 12. h3 Bd7 13. d5 Nb8 14. e4 e5 15. Be2 Nh5 16. Ne1 Nf4 17. Bxf4 exf4 18. Bf3 Qg5 19. Kh2 f5 20. exf5 Bxc3 21. Qxc3 Bxf5 22. Rc1 Nd7 23. Bd1 Qf6 24. Qd2 g5 25. Ba4 Re7 26. Bxd7 Rxd7 27. g3 Rg7 28. Ng2 Qg6 29. g4 Bd7 30. f3 h5 31. Kg1 hxg4 32. hxg4 Qh6 33. Rfe1 Rh7 34. Qd3 Rf8 35. Kf2 Qf6 1/2-1/2

[Event "Iberoamerican-ch 7th"]
[Site "Linares"]
[Date "2019.08.15"]
[Round "6"]
[White "Ingunza Curro, Andres"]
[Black "Perera Borrego, Mariela"]
[Result "0-1"]
[WhiteElo "2103"]
[BlackElo "2186"]
[PlyCount "174"]
[EventDate "2019.08.10"]
[EventType "swiss"]
[EventRounds "9"]
[EventCountry "ESP"]
[SourceTitle "CBM 191 Extra"]
[Source "ChessBase"]
[SourceDate "2019.09.30"]
[SourceVersion "1"]
[SourceVersionDate "2019.09.30"]
[SourceQuality "1"]

1. e4 e6 2. Nc3 d5 3. d4 Nf6 4. e5 Nfd7 5. f4 c5 6. Nf3 Nc6 7. Be3 Be7 8. Qd2 b6 9. Be2 Bb7 10. 0-0 0-0 11. Rae1 Rc8 12. Nd1 cxd4 13. Nxd4 Nxd4 14. Bxd4 Nc5 15. c3 Ne4 16. Qe3 f5 17. exf6 Bxf6 18. Bg4 Re8 19. Nf2 Rc4 20. Nd3 Ba6 21. Bh5 Rf8 22. Bg4 Qe7 23. Bf3 Bb7 24. Bxf6 gxf6 25. Bd1 Kh8 26. Bb3 Rc7 27. Nf2 Nc5 28. Bd1 Rg8 29. Bf3 Qg7 30. Kh1 Bc8 31. Re2 Ba6 32. Rg1 Bxe2 33. Bxe2 e5 34. g4 Re7 35. Bd1 exf4 36. Qxf4 Qg5 37. Qd4 Qe5 38. Qd2 Ne4 39. Qe3 Qg5 40. Qf3 Nd2 41. Qd3 Qf4 42. Kg2 Nc4 43. Qf3 Qxf3+ 44. Bxf3 f5 45. h3 h5 46. Kg3 Ne3 47. Kh2 fxg4 48. hxg4 hxg4 49. Nxg4 Nxg4+ 50. Rxg4 Rxg4 51. Bxg4 Kg7 52. Bf3 Re5 53. Kg3 Kf6 54. Kf2 Ke6 55. Be2 Kf5 56. Ke1 Ke4 57. Kd2 Rg5 58. Bd3+ Ke5 59. a4 Rg2+ 60. Kc1 Kf4 61. Bc2 Ke3 62. b3 a5 63. Kb2 Kd2 64. Bf5 Ke3+ 65. Ka3 Rf2 66. Bh7 Rf7 67. Bg8 Rd7 68. Kb2 Ke4 69. Be6 Rc7 70. Bh3 Rg7 71. Be6 d4 72. cxd4 Kxd4 73. Bc4 Rg2+ 74. Ka3 Kc3 75. Bd5 Rg1 76. Ka2 Kb4 77. Kb2 Rd1 78. Bf7 Rd2+ 79. Kc1 Rf2 80. Bc4 Kc3 81. Kb1 Rb2+ 82. Ka1 Rxb3 83. Bxb3 Kxb3 84. Kb1 Kxa4 85. Kb2 Kb4 86. Ka2 Kc3 87. Kb1 b5 0-1

[Event "Iberoamerican-ch 7th"]
[Site "Linares"]
[Date "2019.08.13"]
[Round "4"]
[White "Vara Soler, Luis"]
[Black "Perera Borrego, Mariela"]
[Result "0-1"]
[WhiteElo "1747"]
[BlackElo "2186"]
[PlyCount "52"]
[EventDate "2019.08.10"]
[EventType "swiss"]
[EventRounds "9"]
[EventCountry "ESP"]
[SourceTitle "CBM 191 Extra"]
[Source "ChessBase"]
[SourceDate "2019.09.30"]
[SourceVersion "1"]
[SourceVersionDate "2019.09.30"]
[SourceQuality "1"]

1. e4 e6 2. d4 d5 3. Nd2 c5 4. exd5 exd5 5. Ngf3 Nc6 6. Bb5 Qe7+ 7. Qe2 Qxe2+ 8. Bxe2 Nb4 9. Bd1 Bf5 10. c3 Nd3+ 11. Kf1 Bd6 12. dxc5 Bxc5 13. Nd4 Bxd4 14. cxd4 Ne7 15. Nb3 Rc8 16. h4 h5 17. g3 Bg6 18. Kg2 0-0 19. Be2 Be4+ 20. f3 Rc2 21. Bd2 Bg6 22. Bxd3 Bxd3 23. Rab1 Bc4 24. Rhd1 Bxb3 25. axb3 Nf5 26. Kf2 Re8 0-1

[Event "ESP-ch rapid"]
[Site "Linares"]
[Date "2018.08.19"]
[Round "2"]
[White "Tejedor Fuente, Enrique"]
[Black "Perera Borrego, Mariela"]
[Result "1-0"]
[WhiteElo "2408"]
[BlackElo "2177"]
[PlyCount "67"]
[EventDate "2018.08.19"]
[EventType "swiss (rapid)"]
[EventRounds "9"]
[EventCountry "ESP"]
[SourceTitle "CBM 186 Extra"]
[Source "ChessBase"]
[SourceDate "2018.08.24"]
[SourceVersion "1"]
[SourceVersionDate "2018.08.24"]
[SourceQuality "1"]

1. e4 e6 2. d4 d5 3. Nd2 c5 4. Ngf3 cxd4 5. exd5 Qxd5 6. Bc4 Qd6 7. 0-0 Nf6 8. Nb3 Nc6 9. Nbxd4 Nxd4 10. Nxd4 Be7 11. Nb5 Qc5 12. Qe2 0-0 13. Be3 Qf5 14. Nc7 Bd7 15. Nxa8 Rxa8 16. Qd3 Qh5 17. Qd1 Qh4 18. Qd4 Qh5 19. Qd1 Qh4 20. Be2 e5 21. Bf3 Qb4 22. a3 Qb5 23. a4 Qa6 24. Qd3 Qe6 25. Qb3 Qf5 26. Qxb7 Rc8 27. Rad1 Rxc2 28. Be4 Qxe4 29. Rxd7 Qxb7 30. Rxb7 Kf8 31. Rc1 Rxc1+ 32. Bxc1 Bc5 33. b4 Bd4 34. Be3 1-0